01641cam a22002651 450000100060000000300080000600500170001400800410003103500190007203500180009104000470010904100080015608200250016424500860018926000440027530000250031950506480034465100590099265100590105170000520111071000350116294200120119799900170120995201490122624108BD-RjUL20211209001018.0140312s1951 mau 001 0 eng d a(BD-RjUL)24174 a(OCoLC)405738 aDLCcODaWUdOCoLCdNcRSdDLCdBD-RjULbeng aeng a327.470973bNEG 195110aNegotiating with the Russians /cedited by Raymond Dennett and Joseph E. Johnson. aBoston :bWorld Peace Foundation,c1951 axi, 310 p. ;c25 cm.0 aNegotiating on military assistance, 1943-1945, by J. R. Deane.--Negotiating under lend-lease, 1942-1945, by J. N. Hazard.--Negotiating the Nuremberg trial agreements, 1945, by S. S. Alderman.--Negotiating at Bretton Woods, 1944, by R. F. Mikesell.--Negotiating to establish the Far Eastern Commission, 1945, by G. H. Blakeslee.--Negotiating on refugees and displaced persons, 1946, by E. F. Penrose.--Negotiating on the Balkans, 1945-1947, by M. Ethridge and C. E. Black.--Negotiating on atomic energy, 1946-1947, by F. Osborn.--Negotiating on cultural exchange, 1947, by E. J. Simmons.--Some Soviet techniques of negotiation, by P. E. Mosely. 0aSoviet UnionxForeign relationszUnited States.974266 0aUnited StatesxForeign relationszSoviet Union.9742671 aJohnson, Joseph Esrey,d1906-ejoint ed.9742682 aWorld Peace Foundation.917463 2ddccBK c24108d24108 00102ddc40728NFICaRUCLbRUCLcReadingd1958-02-20eU. S. I .S. Dhaka Giftl0o327.470973 NEG 1951r2014-03-12 00:00:00tC-1w2014-03-12yBK